Quizzes
Events
Quiz Creation
Community
Videos
Private Events
Remove Ads
Sign In
Join for FREE
Feedback
Dark Mode
Quiz Categories
Sports
Geography
Music
Movies
Television
Just For Fun
Miscellaneous
History
Literature
Language
Science
Gaming
Entertainment
Religion
Holiday
For Kids
Quiz Lab
Recent
Popular Today
Quiz Kudos Today
Editor Picks
Curator Picks
Quizzes by...
Day
Popularity
Type
Ratings
Length
Year
Community
Subscriptions
Recent Discussions
Orange Saloon
Badges
Playlists
Quests
Create
Leaderboards
Showdown
Live 5
Trivia Bingo
Activity
Puzzle Library
Sporcle Events
Private Events
Virtual Trivia
Globe League
Become a Host
Pub Owners
SporcleCon
Opinionation
Our Games
Videos
Blog
Mobile Apps
Partnerships
Remove Ads and Go Orange
Feedback
Entertainment
Celebrity
Famous
Musical
Broadway
Show
Quote
Comic Books
Anime
Superhero
DC Comics
Marvel
Cartoons
Animation
Entertainment
Celebrity
Famous
Musical
Broadway
Show
Quote
Comic Books
Anime
Superhero
DC Comics
Marvel
Cartoons
Animation
Random Quiz
Search Sporcle
×
Quiz Lab
Quiz Lab
Entertainment
Celebrity
Type in answers that appear in a list
Type in answers that appear in a list
Classic
Best Score? Go Orange.
Celebrity Name Chain Game Stats
Can you name the celebrities (loosely) that are part of this name chain?
By
Djibouti
5m
20 Questions
45 Plays
45 Plays
45 Plays
Comments
Comments
Give Quiz Kudos
Give Quiz Kudos
-
- Ratings
hide this ad
More Info
Replay
Link that replays current quiz
Next Quiz
Link to next quiz in quiz playlist
You Got
0%
They Got
Avg Score
48%
Avg Friend Score
Upgrade to see
Score Distribution
Jump to the score distribution portion of the page
Score
0/20
Timer
05:00
0
Plays Today
Hint
Name
% Correct
Actor who starred in the movies Bad Boys and Big Momma's House
Martin Lawrence
86.7%
1/
5th of the Rat Pack, this crooner was a welterweight boxer in his youth
Dean Martin
84.4%
The star of Rebel Without a Cause
James Dean
75.6%
Distiller best known for the Tennessee whiskey that bears his name
Jack Daniel
73.3%
This musician -
blinded by glaucoma -
received a grammy for his rendition of Georgia on My Mind
Ray Charles
71.1%
Actor best known for his role on Seinfeld, also appeared in the films Pretty Woman and Shallow Hal
Jason Alexander
66.7%
Former head writer on Seinfeld and creator of Curb Your Enthusiasm
Lawrence 'Larry' David
62.2%
Country-
pop performer who sings Teardrops on My Guitar and You Belong With Me
Taylor Swift
60%
Actor who starred in Only Fools and Horses and A Touch of Frost
David Jason
57.8%
19th century writer who penned The American and The Portrait of a Lady
Henry James
51.1%
Hint
Name
% Correct
American Founding Father who said 'Give me liberty or give me death'
Patrick Henry
42.2%
Hall of Fame NFL Linebacker who spent 13 years with the New York Giants
Lawrence Taylor
42.2%
Former anchor of SportsCenter and current co-
host of NBC's Football Night in America
Daniel 'Dan' Patrick
40%
A 16-
term Representative from Massachusetts, he was the first openly gay member of Congress
Barney Frank
31.1%
Stockbroker who founded his namesake firm in 1873 which later merged with Edward B. Smith & Co., and is currently owned by Morgan Stanley
Charles Barney
26.7%
Former MLB player who spent 16 seasons as DH for the White Sox
Frank Thomas
26.7%
British Army officer who was immortalized in a 1962 movie depicting his experiences in the Middle East during WWI
Thomas Edward 'T.E.' Lawrence
26.7%
18th century poet who wrote An Essay on Criticism and produced translations of Homer
Alexander Pope
17.8%
The director of Rebel Without a Cause
Nicholas Ray
11.1%
Of the five men to bear this title, the third makes an appearance in The Inferno condemned to the eighth circle of hell
Pope Nicholas
6.7%
Quiz Playlist
Details
Report
Send in Message
Add To Playlist
More Info:
Each person's last name is the next person's first name - some use the common name, some use full birth name
Classic:
Type in answers that appear in a list
Last Updated: Feb 16, 2017
Quiz Scoreboard
CHALLENGE
Sign Up to Join the Scoreboard
Show All
Scores
Hide
Comments
May contain spoilers
Recently Published
Billboard Blitz: Fleetwood Mac
by CooCooCachoo
Music
15s
Presidents Visiting Landmarks
by Hejman
History
7m
An Introduction to Baseball
by treessimontrees
Sports
5m
More to Explore
Quiz From the Vault
Featured Blog Post
Where Did the Easter Bunny Come From?
hide this ad
You Might Also Like...
Tags
Celebrity Quiz
Loosely
Today's Top Quizzes in Entertainment
Browse Entertainment
hide this ad
Today's Top Quizzes in Celebrity
Browse Celebrity
Top Contributed Quizzes in Entertainment
1
7-to-1: DC Comics Villains
2
Marvel Characters Bunker
3
Eurovision 2023 Logic Puzzle
4
Dragon Ball Z: Goku's Fights in Order
5
Kamen Rider Motifs
6
Criteria Quickie: Cartoon Taxonomy II
7
Sorting Pictures: Villains
8
Fictional Villains Letter U Blitz
9
Mini Trivia Sudoku: Musicals
10
Dragon Ball Z: Mega Character Search
Explore More
Trending Topics
Disney
Anime
Kpop
Harry Potter
Crossword
NBA
Marvel
WWE
Pokémon
Country
Puzzle
The Office
Soccer
NFL
Song
hide this ad
More By:
Djibouti
Quiz
Plays
Rating
Category
Featured
Created
Finish the Lyric: Titles
216,008
4.41
Music
Nov 26, 2009
'Under Pressure' Lyrics
49,327
4.67
Music
Jan 2, 2012
Sporcle Entity, Sporting Nation
43,905
4.61
Geography
Jul 19, 2011
Roman Numeral Word Play
35,349
4.58
Miscellaneous
Mar 14, 2011
I'm Scruffy...the Janitor
23,894
4.44
Television
Sep 6, 2011
Go to Creator's Profile
Score Distribution
Quiz Creator Spotlight
Djibouti
Follow
Send a Message
Quizzes Created
-
Created Quiz Play Count
-
More By This Creator
Popular Quizzes Today
1
Find the US States - No Outlines Minefield
2
Find the Countries of Europe - No Outlines Minefield
3
The Countries of the World
4
Find the US States
5
US States
6
Risky Map Clicking: Biggest States A-Z
7
Popular People in 1961
8
Movies - When Are They Set?
More Entertainment Quizzes
Cartoons Wearing Blue
Curator's Pick
Trending Quizzes
Risky Map Clicking: Least Populous States A-Z
1-10 Letter G Words
1-10 Letter F Words
Risky Map Clicking: Next State Alphabetically
Risky Map Clicking: Biggest States A-Z
Recently Updated
Leaping Animals
pecheneg
Reality TV Shows (A-Z)
bhenderson79
Rickey Henderson's Hall of Fame Teammates
pecheneg
Champions League XIs: Arsenal
pecheneg
Quick Pick: Celebrities in WWE's Hall of Fame
aduchscher
A-Z Keypad Blitz II
pecheneg
Multiple Oscar Actors
pecheneg
Mystery Phrase Blitz: Oscar 'Best Actors'
pecheneg
F. Scott Fitzgerald Novels
LTH
Pick 3 Villains
ddd62291
Trending Topics
Crossword
Marvel
Disney
Anime
NBA
Kpop
Harry Potter
NFL
Pokémon
Puzzle
Soccer
Song
Country
WWE
The Office
Your Account Isn't Verified!
In order to create a playlist on Sporcle, you need to verify the email address you used during registration. Go to your
Sporcle Settings
to finish the process.
Report this User
Report this user for behavior that violates our
Community Guidelines
.
Details:
Send Report
Go to the Sporcle.com Mobile Site →
Comments